| 000 | 00531nam a22001577a 4500 | ||
|---|---|---|---|
| 003 | OSt | ||
| 008 | 260515b |||||||| |||| 00| 0 eng d | ||
| 020 | _a9783031266751 | ||
| 082 |
_a631.82 _bP89B |
||
| 245 |
_aBenefits of Silicon in the Nutrition of Plants/ _bedited by Renato de Mello Prado |
||
| 260 |
_aSwitzerland: _bSpringer; _c2023. |
||
| 300 | _ax, 378 p. | ||
| 650 | _aTechnology (Applied Sciences) | Agriculture and Related Technologies | Plants | Mineral Nutrition | ||
| 700 | _aPrado, Renato de Mello | ||
| 942 |
_2ddc _cBK |
||
| 999 |
_c50613 _d50613 |
||